Tallest Mountains With Exceptions - Statistics

General Stats
  • This quiz has been taken 20 times
  • The average score is 8 of 26
Answer Stats
Height Country Mountain % Correct
6190.5 m United States Denali
95%
4808 m France, Italy Mount Blanc
95%
5895 m Tanzania Mount Kilimanjaro
95%
5642 m Russia Mount Elbrus
84%
5199 m Kenya Mount Kenya
84%
5956 m Canada Mount Logan
68%
5636 m Mexico Pico de Orizaba
47%
5109 m DRC, Uganda Mount Stanley
42%
5410 m Mexico Popocatépetl
32%
4892 m (Antarctica) Vinson Massif
32%
5489 m Canada, United States Mount Saint Elias
16%
5193 m Georgia Shkhara
16%
5230 m Mexico Iztaccíhuatl
11%
5304 m United States Mount Foraker
11%
5047 m Georgia Mount Kazbek
11%
5205 m Russia Dykh-Tau
5%
4844 m Uganda Mount Baker
5%
4996 m United States Mount Blackburn
5%
5260 m Canada Mount Lucania
5%
4890 m Uganda Mount Speke
5%
5173 m Canada King Peak
0%
5044 m United States Mount Bona
0%
4949 m United States Mount Sanford
0%
5020 m Canada Mount Steele
0%
4812 m Canada Mount Vancouver
0%
4860 m Canada Mount Wood
0%
No matching quizzes found
Score Distribution
Percent of People with Each Score
Percentile by Number Answered
Your Score History
You have not taken this quiz